Instrumentation fundamentals and applications

Guardat en:
Dades bibliogràfiques
Autor principal: Morrison, Ralph (Autor)
Format: Llibre
Idioma:anglès
Publicat: Nueva York John Wiley 1984
Matèries:
Etiquetes: Afegir etiqueta
Sense etiquetes, Sigues el primer a etiquetar aquest registre!

MARC

LEADER 00000nam a2200000 a 4500
001 UCV6445
003 CL-VaPUC
008 920826e19840000US |||||||||||||||||eng|d
020 |a 0471881813 
082 0 4 |a 681.2  |b MOR  |2 21 
100 0 |a Morrison, Ralph  |e author  |9 300624 
245 1 0 |a Instrumentation fundamentals and applications 
300 |a 144 p 
942 |c BK 
945 |d 19920826 00:00:00 
260 |a Nueva York  |b John Wiley  |c 1984 
650 7 |a INSTRUMENTOS DE INGENIERIA  |2 CL-VaPUC  |9 263261 
650 7 |a INSTRUMENTOS ELECTRONICOS  |2 CL-VaPUC  |9 300625 
583 |a last modification  |c 19920826 00:00:00  |k Rodrigo Vera 
999 |c 212514  |d 212512 
952 |0 0  |1 0  |4 0  |6 681_200000000000000_MOR_1984  |7 0  |8 A  |9 193553  |a BIBING  |b BIBING  |d 2019-11-14  |i 2614677  |o 681.2 MOR 1984  |p 2614677  |r 2025-01-20  |w 2019-11-14  |y BK  |k EIE 
952 |0 0  |1 0  |4 0  |6 681_200000000000000_MOR_1984  |7 0  |8 A  |9 193554  |a BIBING  |b BIBING  |d 2019-11-14  |i 4039750  |o 681.2 MOR 1984  |p 4039750  |r 2025-01-20  |w 2019-11-14  |y BK  |k EIE